| 000 | 00506nam a2200169 4500 | ||
|---|---|---|---|
| 001 | 114012 | ||
| 003 | ES-MaACL | ||
| 005 | 20230906190045.0 | ||
| 007 | t| | ||
| 008 | 061121s1969 sp r ||||1| spa d | ||
| 100 | 1 |
_aNorris, P. E. _986002 |
|
| 245 | 1 | 3 |
_aEl yoghurt _b: una valiosa ayuda para la salud / _cP. E. Norris ; traducción de Antonio Manfredi. |
| 260 |
_aMadrid : _bReus, _c1969. |
||
| 300 |
_a72 p. ; _c18 cm. |
||
| 700 | 1 |
_aManfredi, Antonio. _975995 |
|
| 852 |
_aES-MaACL _jC-51231 _bR.71487 |
||
| 999 |
_c114012 _d114012 |
||